| 000 | 00462cam a2200169 a 4500 | ||
|---|---|---|---|
| 020 | _a0849352533 (v. 1) | ||
| 020 | _a0849352541 (v. 2) | ||
| 040 | _cDLC | ||
| 082 | 0 | 0 | _a616 CRC 1985 A042 Or. |
| 245 | 0 | 0 | _aNeural stimulation / |
| 260 |
_aBoca Raton, Fla. : _bCRC Press, _cc1985. |
||
| 300 |
_a2 v. : _bill. ; _c26 cm. |
||
| 650 | 0 | _aNeural stimulation | |
| 650 | 0 | _aTranscutaneous electrical nerve stimulation. | |
| 700 | 1 | _aMyklebust, Joel B. | |
| 942 | _cEK | ||
| 999 |
_c12760 _d12760 |
||